书目信息 |
| 题名: |
新编实用英语语法精编
|
|
| 作者: | 苏莹珊 著 | |
| 分册: | ||
| 出版信息: | 南京 江苏凤凰科学技术出版社 2019.06 |
|
| 页数: | 365页 | |
| 开本: | 24cm | |
| 丛书名: | ||
| 单 册: | ||
| 中图分类: | H314 | |
| 科图分类: | ||
| 主题词: | 英语--ying yu--语法--自学参考资料 | |
| 电子资源: | ||
| ISBN: | 978-7-5713-0171-2 | |
| 000 | 01163nam0 2200289 450 | |
| 001 | 202019135281 | |
| 005 | 20191007123107.0 | |
| 010 | @a978-7-5713-0171-2@dCNY49.80 | |
| 100 | @a20191003d2019 em y0chiy50 ea | |
| 101 | 0 | @achi@aeng |
| 102 | @aCN@b110000 | |
| 105 | @aak z 000yy | |
| 106 | @ar | |
| 200 | 1 | @a新编实用英语语法精编@Axin bian shi yong ying yu yu fa jing bian@f苏莹珊著 |
| 210 | @a南京@c江苏凤凰科学技术出版社@d2019.06 | |
| 215 | @a365页@c图@d24cm | |
| 300 | @a凤凰含章 易人外语 | |
| 312 | @a英文题名取自封面 | |
| 314 | @a苏莹珊, 毕业于英国纽卡斯尔大学英语教学及应用语言学系。 | |
| 330 | @a本书包含48个单元, 针对英语学习者平时使用容易混淆以及考试容易出错的语法知识进行详细讲解, 不使用艰涩的专有名词, 适合各种英语程度, 想要精进辨析特定语法概念的读者。每单元都附有大小考试必考的题型 (填空、选择与翻译) , 通过相关练习, 帮助读者搞定语法疑难杂症。 | |
| 510 | 1 | @aPractical English usage@zeng |
| 517 | 1 | @a实用英语语法精编@Ashi yong ying yu yu fa jing bian |
| 606 | 0 | @a英语@Aying yu@x语法@j自学参考资料 |
| 690 | @aH314@v5 | |
| 701 | 0 | @a苏莹珊@Asu ying shan@4著 |
| 801 | 0 | @aCN@c20190905 |
| 905 | @a河南城建学院图书馆@dH314@eS860 | |
| 新编实用英语语法精编/苏莹珊著.-南京:江苏凤凰科学技术出版社,2019.06 |
| 365页:图;24cm |
| 凤凰含章 易人外语 |
| ISBN 978-7-5713-0171-2:CNY49.80 |
| 本书包含48个单元, 针对英语学习者平时使用容易混淆以及考试容易出错的语法知识进行详细讲解, 不使用艰涩的专有名词, 适合各种英语程度, 想要精进辨析特定语法概念的读者。每单元都附有大小考试必考的题型 (填空、选择与翻译) , 通过相关练习, 帮助读者搞定语法疑难杂症。 |
| ● |
| 相关链接 |
|
|
|
正题名:新编实用英语语法精编
索取号:H314/S860
 
预约/预借
| 序号 | 登录号 | 条形码 | 馆藏地/架位号 | 状态 | 备注 |
| 1 | 1443926 | 214439268 | 语言库209/209语言库 5排2列6层/ [索取号:H314/S860] | 在馆 | |
| 2 | 1443927 | 214439277 | 语言库209/209语言库 5排2列6层/ [索取号:H314/S860] | 在馆 |